000 00677cam a22001814a 4500
005 20250605164030.0
008 250528s ||||||||||||||||||||||||d
035 _a16597
040 _aGR-AtMCL
_bgre
_dGR-AtMCL
_eAACR2
245 1 _aΜελέτες Προς Τιμήν του Καθηγητού Αθανάσιου Κανελλόπουλου.
_nΤόμος Α'
260 _bΠειραιάς,
_c1992
300 _a704
520 _aΕισαγωγή: Αθανάσιος Κανελλόπουλος, Μέρος Ι: Οικονομικές Μελέτες.
700 1 _aΚανελλόπουλος Αθανάσιος
_92685
942 _cBK
999 _c2079
_d2079